000 00367nam a2200157Ia 4500
003 LK-CoDNM
008 010623t xxu||||| |||| 00| 1 eng d
040 _aLK-CoDNM
_dLK-CoDNM
_eLK-CoDNM
041 _aeng
100 _aAllcroft,A.H.
245 _aHomer Odyssey,Book IX-XIV
300 _b96P., 12 cm
650 _aTranslation
700 _aHaydon,J.H.
942 _cBK
999 _c134632
_d134632